000 00661nam a2200217 i 4500
001 6311
003 ES-MaACL
005 20230906144857.0
007 t|
008 890921s1989 sp ||||1| spa d
020 _a84-86879-18-3
080 _a792(46)"1936/1939"
080 _a86.09-2"1936/1939"
100 1 _aCollado, Fernando.
_939652
245 1 3 _aEl Teatro bajo las bombas en la Guerra civil /
_cFernando Collado.
260 _aMadrid :
_bKaydeda,
_cD.L. 1989.
300 _a700 p., [31] p. de fot. ;
_c24 cm.
500 _aTit. tomado de la cub.
650 4 _aTeatro espaƱol-
_y1936-1939.
_917341
852 _aES-MaACL
_jL-13479
_bR.117075
_z. - rust.
999 _c6311
_d6311